| 000 | nam a22 a 4500 | ||
|---|---|---|---|
| 999 |
_c2338 _d2338 |
||
| 003 | AKMAL | ||
| 005 | 20170516102255.0 | ||
| 008 | 170516s1998 my 00 may d | ||
| 020 |
_a9830462153 (kkt.): _cRM10.00 |
||
| 040 | _aAKMAL | ||
| 082 | 0 | 4 |
_a398.20956 MEM _221 |
| 090 | 0 | 0 |
_a398.20956 _bMEM |
| 245 | 0 | 0 |
_aKumpulan cerita ajaib, aneh & mencuit hati / _csusunan Abu Hikmah Al Husni |
| 260 |
_aKuala Lumpur : _bDarul Nu'man, _c1998 |
||
| 300 | 0 | 0 |
_ax, 238ms. ; _c21cm |
| 650 | 0 |
_aFolklore _zArab countries _92391 |
|
| 650 | 0 |
_aWit and humor _xReligious aspects _xIslam _92392 |
|
| 650 | 0 |
_aIslamic stories, Malay _91556 |
|
| 700 | 1 |
_aAl-Husni, Abu Hikmah _92013 |
|
| 740 | 0 | 2 | _aKumpulan cerita ajaib, aneh dan mencuit hati |
| 942 |
_2ddc _cBOOK |
||